Politics and development of rural local self-Government in Bangladesh / (Record no. 78620)
[ view plain ]
| 000 -LEADER | |
|---|---|
| fixed length control field | 01031nam a2200265 a 4500 |
| 001 - CONTROL NUMBER | |
| control field | 78620 |
| 003 - CONTROL NUMBER IDENTIFIER | |
| rucl marc code | BD-RjUL |
| 005 - DATE AND TIME OF LATEST TRANSACTION | |
| control field | 20211209083142.0 |
| 008 - FIXED-LENGTH DATA ELEMENTS--GENERAL INFORMATION | |
| fixed length control field | 211021s1997 eng||||| m||| 00| 0 eng d |
| 035 ## - SYSTEM CONTROL NUMBER | |
| System control number | (BD-RjUL)78846 |
| 040 ## - CATALOGING SOURCE | |
| Original cataloging agency | BD-RjUL |
| Language of cataloging | eng |
| Modifying agency | BD-RjUL |
| 041 ## - LANGUAGE CODE | |
| Language code of text/sound track or separate title | eng |
| 082 ## - DEWEY DECIMAL CLASSIFICATION NUMBER | |
| Edition number | 23 |
| Classification number | 320.8095492 |
| Author mark and year | RAP 1997 |
| 100 ## - MAIN ENTRY--PERSONAL NAME | |
| Personal name | Rahman, Md. Moksuder |
| 9 (RLIN) | 249241 |
| 245 10 - TITLE STATEMENT | |
| Title | Politics and development of rural local self-Government in Bangladesh / |
| Statement of responsibility, etc. | Md. Moksuder Rahman ; |
| Linkage | Supervisor : A. N. Shamsul Hoque |
| 260 ## - PUBLICATION, DISTRIBUTION, ETC. (IMPRINT) | |
| Place of publication, distribution, etc. | Rajshahi : |
| Name of publisher, distributor, etc. | Department of Political Science, University of Rajshahi, |
| Date of publication, distribution, etc. | 1997 |
| 300 ## - PHYSICAL DESCRIPTION | |
| Pagination | xvii, 391 leaves; |
| Size | 29 cm. |
| 502 ## - DISSERTATION NOTE | |
| Dissertation note | Thesis (Ph. D.) -- ,Department of Political Science, University of Rajshahi, 1997 |
| 504 ## - BIBLIOGRAPHY, ETC. NOTE | |
| Bibliography, etc | Bibliography: Leaves 354-391 |
| 650 ## - SUBJECT ADDED ENTRY--TOPICAL TERM | |
| Topical term or geographic name as entry element | Local government |
| Geographic subdivision | Bangladesh |
| 9 (RLIN) | 249242 |
| Topical term or geographic name as entry element | Rural development |
| Geographic subdivision | Bangladesh |
| 9 (RLIN) | 249245 |
| 651 ## - SUBJECT ADDED ENTRY--GEOGRAPHIC NAME | |
| Geographic name | Bangladesh |
| General subdivision | Politics and Government |
| Chronological subdivision | 1971- |
| 9 (RLIN) | 249243 |
| 700 ## - ADDED ENTRY--PERSONAL NAME | |
| Personal name | Hoque, A. N. Shamsul , Supervisor |
| 942 ## - ADDED ENTRY ELEMENTS (KOHA) | |
| Source of classification or shelving scheme | Dewey Decimal Classification |
| Koha item type | Theses |
| Lost status | Source of classification or shelving scheme | Damaged status | Not for loan | Collection code | Permanent Location | Current Location | Shelving location | Date acquired | Source of acquisition | Total Checkouts | Full call number | Date last seen | Copy number | Koha item type |
|---|---|---|---|---|---|---|---|---|---|---|---|---|---|---|
| Dewey Decimal Classification | Not For Loan | Theses | Central Library, University of Rajshahi | Central Library, University of Rajshahi | Documentation Section | 23/11/1997 | Controller of Exam. R.U. | THE 320.8095492 RAP 1997 | 21/10/2021 | C-1 | Theses |